Discrete distributions /

Guardado en:
Autor Principal: Johnson, Norman Lloyd.
Otros Autores: Kotz, Samuel.
Formato: Libro
Idioma:English
Publicado: Boston : Houghton Mifflin, c1969.
Series:Houghton Mifflin series in statistics
Johnson, Norman Lloyd. Distributions in statistics.
Materias:
Etiquetas: Agregar Etiqueta
Sin Etiquetas, Sea el primero en etiquetar este registro!
LEADER 00847cam a2200253 a 4500
001 MAT.inmabb003548
008 691224s1969####maua#####b####001#0#eng##
005 20160218174242.0
245 1 0 |a Discrete distributions /  |c Norman L. Johnson, Samuel Kotz. 
260 |a Boston :  |b Houghton Mifflin,  |c c1969. 
300 |a xvi, 328 p. :  |b il. ;  |c 24 cm. 
490 1 |a Distributions in statistics 
440 0 |a Houghton Mifflin series in statistics 
504 |a Bibliografía: p. 319-323. 
510 4 |a MR,  |c 42 #3893 
020 |a 0471443603 
100 1 |a Johnson, Norman Lloyd. 
700 1 |a Kotz, Samuel. 
800 1 |a Johnson, Norman Lloyd.  |t Distributions in statistics. 
650 0 |a Distribution (Probability theory) 
084 |a 62Exx (60Exx)  |2 msc2000 
010 |a  75008580  
040 |a DLC  |c DLC  |d ICU  |d DLC 
859 |h 62  |i J66d  |p A-4516  |b BIB. MATEMATICA